000 01618nam a2200289 a 4500
999 _c371989
_d371989
003 BLK
005 20250715090331.0
008 200701b bu ||||| |||| 00| 0 bu d
020 _a9789546559685
040 _aBLK
041 _aBUL
_cBUL
080 _aРазпространяване на научните знания - популяризиране на науката, занимателна наука, учение за явленията научно необяснени, заблуждения и фалшификации, илюзии и др. п., секретност на научните знания
_b001.9
_z001.9
100 _aЗагами, Лео Лион
_eпърви автор
_91299
139 _aЗагами, Лео Лион
_bЗ 17
240 _aInvisible master
245 _aНевидимият господар
_bСкритата власт на кукловодите
_cЛео Лион Загами ; прев. Валерий Русинов ; предг. Лучано Фортунато Шандра
260 _9209457
_aСофия
_bБард
_c2019
_fАлианс принт
_n978-954-655- ; 978-954-585- ; 978-954-584-
300 _a493 с.
_bс ил., факс.
_c21 см
380 _a0
500 _aОриг. загл.: Invisible master /Leo Lyon Zagami.
653 7 _9189034
_aконспирация
700 1 _aРусинов, Валерий Любенов
_9117706
700 _9416912
_aШандра, Лучано Фортунато
_eпредг.
942 _cKNG
_n0
_s1
_017
944 _aCR
_c2020-07-01
_k30575
_lМартин Енчев
999 _d371989